000 00231nam a2200097Ia 4500
001 766519
005 20250826165342.0
008 250824s9999 xx 000 0 und d
245 0 _aABŞAR
_cHASAN SARI
260 _bATLIKARINCA YAYINLARI
999 _c766519
_d766519